| Tag |
First Indicator |
Second Indicator |
Subfields |
| LEADER |
00000cgm a2200000Mi 4500 |
| 001 |
in00005547607 |
| 006 |
m o c |
| 007 |
cr |n||||||||a |
| 007 |
vz |za|z| |
| 008 |
200504s2007 nyu053 e o vlchi d |
| 005 |
20241201230328.1 |
| 035 |
|
|
|a (OCoLC)on1158200800
|
| 040 |
|
|
|a ALSTP
|b eng
|e rda
|c ALSTP
|d OCLCO
|d OCLCF
|d OCLCO
|d OCLCQ
|d IXA
|d OCL
|d OCLCO
|d OCLCL
|d OCLCQ
|d NUI
|
| 019 |
|
|
|a 1373460189
|a 1430817237
|a 1443975949
|
| 035 |
|
|
|a (OCoLC)1158200800
|z (OCoLC)1373460189
|z (OCoLC)1430817237
|z (OCoLC)1443975949
|
| 041 |
0 |
|
|a chi
|j eng
|
| 082 |
0 |
4 |
|a 321.8
|q OCoLC
|2 22/eng/20230216
|
| 049 |
|
|
|a TXAM
|
| 245 |
0 |
0 |
|a Why democracy?
|p Please vote for me /
|c director, Weijun Chen ; producer, Don Edkins ; produced by STEPS International in co-production with Arte France, Arte GEIE, BBC, DR-TV, NHK, SABC, SBS, SVT, YLE, ZDF, and ITVS International.
|
| 246 |
3 |
0 |
|a Please vote for me
|
| 246 |
3 |
3 |
|a Who would you vote for as President of the world?
|
| 264 |
|
1 |
|a New York, NY :
|b The Cinema Guild,
|c 2007.
|
| 300 |
|
|
|a 1 online resource (53 minutes)
|
| 306 |
|
|
|a 005242
|
| 336 |
|
|
|a two-dimensional moving image
|b tdi
|2 rdacontent
|
| 337 |
|
|
|a computer
|b c
|2 rdamedia
|
| 337 |
|
|
|a video
|b v
|2 rdamedia
|
| 338 |
|
|
|a online resource
|b cr
|2 rdacarrier
|
| 347 |
|
|
|a video file
|2 rda
|
| 490 |
0 |
|
|a Academic Video Online
|
| 500 |
|
|
|a Title from resource description page (viewed May 04, 2020).
|
| 520 |
|
|
|a An experiment in democracy is taking place in Wuhan, the most populous city in central China. For the first time ever, the students in grade three at Evergreen Primary School have been asked to elect a class monitor. Traditionally appointed by the teacher, the class monitor holds a powerful position, helping to control the students, keeping them on task and doling out punishment to those who disobey. The teacher has chosen three candidates: Luo Lei (a boy), the current class monitor; Cheng Cheng (a boy); and Xu Xiaofei (a girl). Each candidate is asked to choose two assistants to help with his or her campaign. For all three children, the campaign takes its toll, especially for the losing candidates and their assistants. Viewers are left to decide if the experiment in democracy has been "successful" and what it might mean for democracy in China. Please Vote for Me challenges those committed to China's democratization to consider the feasibility of, and processes involved in, its implementation.
|
| 546 |
|
|
|a In Mandarin, with English subtitles.
|
| 586 |
|
|
|a Won 2008 Adolf Grimme Awards, Germany Adolf Grimme Award, Outstanding Individual Achievement
|
| 586 |
|
|
|a Won 2008 Ashland Independent Film Festival, Best Documentary Feature
|
| 586 |
|
|
|a Won 2008 Chicago International Children's Film Festival Adult's Jury Award, Documentary Film or Video
|
| 586 |
|
|
|a Nominated 2009 Nuremberg International Human Rights Film Festival, Open Eyes Jury Award
|
| 650 |
|
0 |
|a Political campaigns
|z China
|z Wuhan.
|
| 650 |
|
0 |
|a Parent and child
|z China
|z Wuhan.
|
| 650 |
|
0 |
|a Third grade (Education)
|z China
|z Wuhan.
|
| 650 |
|
0 |
|a School children
|z China
|z Wuhan.
|
| 650 |
|
0 |
|a Democracy.
|
| 650 |
|
0 |
|a Student government
|z China
|x Elections.
|
| 650 |
|
0 |
|a Political campaigns
|z China.
|
| 650 |
|
0 |
|a School children
|z China.
|
| 650 |
|
6 |
|a Conseils d'étudiants
|z Chine
|x Élections.
|
| 650 |
|
6 |
|a Élèves du primaire
|z Chine.
|
| 650 |
|
6 |
|a Parents et enfants
|z Chine
|z Wuhan.
|
| 650 |
|
6 |
|a Troisième année (Éducation)
|z Chine
|z Wuhan.
|
| 650 |
|
6 |
|a Élèves du primaire
|z Chine
|z Wuhan.
|
| 650 |
|
7 |
|a Third grade (Education)
|2 fast
|
| 650 |
|
7 |
|a Parent and child
|2 fast
|
| 650 |
|
7 |
|a Democracy
|2 fast
|
| 650 |
|
7 |
|a Political campaigns
|2 fast
|
| 650 |
|
7 |
|a School children
|2 fast
|
| 650 |
|
7 |
|a Student government
|x Elections
|2 fast
|
| 651 |
|
7 |
|a China
|z Wuhan
|2 fast
|
| 651 |
|
7 |
|a China
|2 fast
|1 https://id.oclc.org/worldcat/entity/E39PBJcrd4RjtCBk4wfMhTwwG3
|
| 655 |
|
7 |
|a documentary film.
|2 aat
|
| 655 |
|
7 |
|a Documentary films
|2 fast
|
| 655 |
|
7 |
|a Documentary films.
|2 lcgft
|
| 655 |
|
7 |
|a Documentaires.
|2 rvmgf
|
| 700 |
1 |
|
|a Chen, Weijun,
|d 1969-
|e director.
|1 https://id.oclc.org/worldcat/entity/E39PBJjCWwwyTpkgFRGxJWrjG3
|
| 700 |
1 |
|
|a Edkins, Don,
|e producer.
|
| 710 |
2 |
|
|a STEPS International,
|e production company.
|
| 710 |
2 |
|
|a ARTE France,
|e production company.
|
| 710 |
2 |
|
|a Association relative à la télévision européenne,
|e production company.
|
| 710 |
2 |
|
|a British Broadcasting Corporation,
|e production company.
|
| 710 |
2 |
|
|a DR TV (Television station : Copenhagen, Denmark),
|e production company.
|
| 710 |
2 |
|
|a Nihon Hōsō Kyōkai,
|e production company.
|
| 710 |
2 |
|
|a South African Broadcasting Corporation,
|e production company.
|
| 710 |
2 |
|
|a Special Broadcasting Service (Australia),
|e production company.
|
| 710 |
2 |
|
|a Sveriges television,
|e production company.
|
| 710 |
2 |
|
|a Yleisradio Oy,
|e production company.
|
| 710 |
2 |
|
|a Zweites Deutsches Fernsehen,
|e production company.
|
| 710 |
2 |
|
|a Independent Television Service,
|e production company.
|
| 758 |
|
|
|i has work:
|a Please vote for me Why democracy? (MovingImage)
|1 https://id.oclc.org/worldcat/entity/E39PCFyqyr6CPRxfhddm6X9ftq
|4 https://id.oclc.org/worldcat/ontology/hasWork
|
| 856 |
4 |
0 |
|u http://proxy.library.tamu.edu/login?url=https://www.aspresolver.com/aspresolver.asp?MARC;4072504
|z Connect to this streaming video (Alexander Street Press)
|t 0
|
| 955 |
|
|
|a Alexander Street Press subscription streaming video
|
| 994 |
|
|
|a 92
|b TXA
|
| 999 |
f |
f |
|s dcd2cdbe-c110-425f-919c-16939d37223c
|i a8edcfed-01eb-41a7-a6ca-80f82e80e338
|t 0
|
| 952 |
f |
f |
|a Texas A&M University
|b College Station
|c Electronic Resources
|d Available Online
|t 0
|h Library of Congress classification
|
| 998 |
f |
f |
|t 0
|l Available Online
|